书目信息 |
| 书名: | Anthology of American literature | |
| 作者: | general editor, George McMichael. | |
| 分册号: | ||
| 分册名: | 出版地: | New York : |
|
| 出版社: | Macmillan | |
| 出版时间: | 1985. | |
| 页数: | 968 p. ; | |
| 开本: | 24 cm. | |
| 丛书名: | ||
| 中图分类号: | ||
| 科图分类号: | ||
| 其他分类号: | I712.11 | |
| 主题词: | ||
| 电子资源: | ||
| 000 | 00909pam 2200289 a 4504 | |
| 001 | E0759153030 | |
| 005 | 20070302170206.59 | |
| 008 | 030519m19859999nyu b 001 0 eng | |
| 010 | @a84000874 | |
| 020 | @a0-02-379330-9. | |
| 020 | @a0-02-379330-9. | |
| 040 | @aDLC@cDLC@dLCE | |
| 082 | 0 | @a810/.8 @2 19 |
| 090 | @aK721/W9/1985 | |
| 090 | @aI712.11 | |
| 099 | @dI712.11@ex1:2(1) | |
| 245 | 00 | @aAnthology of American literature.@nVolume Ⅱ part 1 / @cgeneral editor, George McMichael. |
| 250 | @a3d ed. | |
| 260 | @aNew York :@bMacmillan,@c1985. | |
| 260 | @aNew York :@bNew York. | |
| 260 | @aNew York :@bNew York. | |
| 300 | @a968 p. ;@c24 cm. | |
| 504 | @aBibliography: v. 2, p. 2008-2013. | |
| 505 | 1 | @av. 1. Colonial through romantic -- v. 2. Realism to the present. |
| 650 | 0 | @aAmerican literature. |
| 700 | 1 | @aMcMichael, George L.,@d1927- |
| 920 | @a232010@z2 | |
| Anthology of American literature.. Volume Ⅱ part 1 / / general editor, George McMichael.-3d ed.-New York : : Macmillan, , 1985.-New York : : New York.-New York : : New York. |
| 968 p. ; ; 24 cm. |
| Bibliography: v. 2, p. 2008-2013.-v. 1. Colonial through romantic -- v. 2. Realism to the present. |
| ISBN 0-02-379330-9. |
| ● |
| 相关链接 |
|
|
|
|
正题名:Anthology of American literature
索取号:I712.11/x1:2(1)
 
预约/预借
| 序号 | 登录号 | 条形码 | 馆藏地/架位号 | 状态 | 备注 |
| 1 | 180628 | 001683725 | 第四借阅区/ [索取号:I712.11/x1:2(1)] | 在馆 | |
| 2 | 83778 | 001685634 | 第四借阅区/ [索取号:I712.11/x1:2(1)] | 在馆 |